| 000 | 01389nam a2200373 i 4500 | ||
|---|---|---|---|
| 001 | 000047588 | ||
| 003 | DO-SdBNP | ||
| 005 | 20240409073826.0 | ||
| 007 | ta | ||
| 008 | 090824s2012 dr a 000 j spa d | ||
| 020 | _a9789945165098 | ||
| 040 |
_aDO-SdBNP _bspa _cBNPHU _erda |
||
| 041 | _hspa | ||
| 082 | 4 |
_aRD863.5 _bJ58ja, 2012 _222 |
|
| 100 | 1 |
_aJesús Ulerio, Luis Felipe de, _d1970- _91334 _eautor |
|
| 245 | 1 | 0 |
_aJade y la fiesta de la hermanita / _cLuis Felipe de Jesús Ulerio; dibujos de interior, Karina Muñoz y Ámbar Marie |
| 250 | _a2a. edición | ||
| 264 | 3 | 3 |
_aSanto Domingo : _bBúho, _c2012 |
| 300 |
_a39 páginas : _bilustraciones ; _c20 cm. |
||
| 336 |
_2rdaconten _atexto _btxt |
||
| 337 |
_2rdamedia _asin medición _bn |
||
| 338 |
_2rdacarrier _avolumen _bnc |
||
| 490 | _aTrilogía infantil : | ||
| 490 |
_aLos cuentos de Luisito ; _v3 |
||
| 500 | _aIncluye datos biográficos del autor en la contracubierta. | ||
| 500 | _aIncluye guía de actividades y juegos infantiles | ||
| 500 | _aLa biblioteca posee la segunda reimpresión del 2016 de la segunda edición del 2012. | ||
| 590 | _aInventariado, 2023 / MF | ||
| 650 | 0 |
_aCuentos infantiles dominicanos _9505 |
|
| 650 | 4 |
_aLiteratura infantil dominicana _9441 |
|
| 700 | 1 |
_aMuñoz, Karina, _edibujo de interior _983308 |
|
| 700 | 1 |
_aMarie, Ámbar, _edibujo de interior _983309 |
|
| 942 |
_2ddc _cLF2 |
||
| 999 |
_c47076 _d47076 |
||